Bundesliga Teams 2020/21 - Statistics

General Stats
  • This quiz has been taken 199 times
  • The average score is 14 of 18
Answer Stats
Team % Correct
Bayern München
99%
Borussia Dortmund
99%
Schalke 04
89%
Borussia Mönchengladbach
87%
Bayer 04 Leverkusen
86%
RB Leipzig
86%
Hertha Berlin
85%
VfL Wolfsburg
85%
Eintracht Frankfurt
81%
Werder Bremen
80%
Union Berlin
78%
1. FC Köln
77%
VfB Stuttgart
74%
Mainz 05
72%
FC Augsburg
69%
TSG Hoffenheim
69%
SC Freiburg
66%
Arminia Bielefeld
60%
No matching quizzes found
Score Distribution
Percent of People with Each Score
Percentile by Number Answered
Your Score History
You have not taken this quiz